[Event "Prague op-B 20th"]
[Site "Prague"]
[Date "2022.01.11"]
[Round "6"]
[White "Boulos, Boulos"]
[Black "Sosovickova, Martina"]
[Result "0-1"]
[WhiteElo "1575"]
[BlackElo "1702"]
[PlyCount "82"]
[EventDate "2022.01.07"]
[EventType "swiss"]
[EventRounds "9"]
[EventCountry "CZE"]
[SourceTitle "CBM 206 Extra"]
[Source "ChessBase"]
[SourceDate "2022.03.31"]
[SourceVersion "1"]
[SourceVersionDate "2022.03.31"]
[SourceQuality "1"]

1. e4 c5 2. Nf3 e6 3. d4 cxd4 4. Nxd4 Bc5 5. Be3 Qb6 6. Nc3 Nc6 7. Ndb5 Bxe3 8. fxe3 Qxe3+ 9. Be2 Kf8 10. Nc7 Rb8 11. Qd6+ Nge7 12. Rd1 f6 13. Rd3 Qg5 14. e5 Qxe5 15. 0-0 Qxd6 16. Rxd6 Nf5 17. Rd3 Ne5 18. Nxe6+ Ke7 19. Nc7 Nxd3 20. Bxd3 Nd4 21. N3d5+ Kd8 22. c3 Nc6 23. Re1 Ne5 24. Be4 a6 25. c4 d6 26. a4 Bd7 27. a5 Rc8 28. b4 Rxc7 29. Nxc7 Kxc7 30. Rc1 Bc6 31. Bf5 g6 32. Bb1 Kd7 33. Kf2 Rc8 34. Ke3 Bxg2 35. Be4 Bxe4 36. Kxe4 Rxc4+ 37. Rxc4 Nxc4 38. Kd4 Ne5 39. Kc3 f5 40. b5 axb5 41. Kb4 Kc6 0-1